[Event "DVM U20 2019"]
[Site "Braunschweig"]
[Date "2019.12.29"]
[Round "6"]
[White "Gerold, Robin"]
[Black "Brüll, Elias"]
[Result "0-1"]
[WhiteElo "1448"]
[BlackElo "1797"]
[Annotator "NA"]
[PlyCount "64"]
[EventDate "2019.12.27"]
[EventType "team-tourn"]
[EventRounds "7"]
[EventCountry "GER"]
[SourceTitle "playchess.com"]
[Source "ChessBase"]
[SourceQuality "1"]
[WhiteTeam "SF HN-Biberach"]
[BlackTeam "SC Bavaria Regensburg"]
[TimeControl "40/5400+30:1800+30"]

1. e4 {[%emt 0:00:00]} c5 {[%emt 0:00:00]} 2. Nf3 {[%emt 0:00:00]} d6 {[%emt 0:00:00]} 3. Bb5+ {[%emt 0:00:10]} Nd7 {[%emt 0:00:00]} 4. Bxd7+ {[%emt 0:01:27]} Bxd7 {[%emt 0:00:08]} 5. c4 {[%emt 0:00:13]} Nf6 {[%emt 0:07:26]} 6. Nc3 {[%emt 0:06:01]} g6 {[%emt 0:01:02]} 7. O-O {[%emt 0:00:32]} Bg7 {[%emt 0:00:19]} 8. d4 {[%emt 0:01:21]} cxd4 {[%emt 0:01:31]} 9. Nxd4 {[%emt 0:01:21]} O-O {[%emt 0:01:32]} 10. Be3 {[%emt 0:04:51]} Ng4 {[%emt 0:28:18]} 11. Qd2 {[%emt 0:23:24]} Rc8 {[%emt 0:08:11]} 12. b3 {[%emt 0:01:50]} Qa5 {[%emt 0:06:49]} 13. Nd5 {[%emt 0:01:10]} Qxd2 {[%emt 0:00:53]} 14. Bxd2 {[%emt 0:01:13]} Bxd4 {[%emt 0:00:49]} 15. Nxe7+ {[%emt 0:00:18]} Kg7 {[%emt 0:02:41]} 16. Nxc8 {[%emt 0:00:06]} Bxa1 {[%emt 0:00:47]} 17. Nxd6 {[%emt 0:00:08]} Be5 {[%emt 0:02:22]} 18. Nxb7 {[%emt 0:03:27]} Bxh2+ {[%emt 0:05:58]} 19. Kh1 {[%emt 0:00:07]} Bc7 {[%emt 0:01:35]} 20. Nc5 {[%emt 0:03:50]} Bc6 {[%emt 0:02:02]} 21. f3 {[%emt 0:00:24]} Ne5 {[%emt 0:04:14]} 22. Bc3 {[%emt 0:01:49]} Kg8 {[%emt 0:00:27]} 23. Rd1 {[%emt 0:02:09]} Bb6 {[%emt 0:03:39]} 24. Bxe5 {[%emt 0:00:48]} Bxc5 {[%emt 0:00:14]} 25. Bf6 {[%emt 0:02:21]} Re8 {[%emt 0:05:46]} 26. e5 {[%emt 0:01:00]} a5 {[%emt 0:03:39]} 27. Kh2 {[%emt 0:06:14]} a4 {[%emt 0:02:55]} 28. Rd3 {[%emt 0:01:55]} Rb8 {[%emt 0:01:01]} 29. g4 {[%emt 0:04:20]} Kf8 {[%emt 0:00:57]} 30. Kg3 {[%emt 0:00:21]} axb3 {[%emt 0:00:26]} 31. axb3 {[%emt 0:00:09]} Be7 {[%emt 0:00:18]} 32. g5 {[%emt 0:01:28]} Ke8 {[%emt 0:02:46] normal} 0-1

[Event "DVM U20 2019"]
[Site "Braunschweig"]
[Date "2019.12.29"]
[Round "6"]
[White "Schäfer, Melvin"]
[Black "Peukert, Marc"]
[Result "0-1"]
[WhiteElo "1392"]
[BlackElo "1518"]
[Annotator "NA"]
[PlyCount "46"]
[EventDate "2019.12.27"]
[EventType "team-tourn"]
[EventRounds "7"]
[EventCountry "GER"]
[SourceTitle "playchess.com"]
[Source "ChessBase"]
[SourceQuality "1"]
[WhiteTeam "SG Trier"]
[BlackTeam "USV TU Dresden"]
[TimeControl "40/5400+30:1800+30"]

1. d4 {[%emt 0:00:00]} Nf6 {[%emt 0:00:00]} 2. c4 {[%emt 0:00:00]} g6 {[%emt 0:00:00]} 3. Nc3 {[%emt 0:00:03]} Bg7 {[%emt 0:00:06]} 4. Bf4 {[%emt 0:00:42]} O-O {[%emt 0:00:50]} 5. e4 {[%emt 0:01:08]} d6 {[%emt 0:01:47]} 6. Nf3 Nbd7 {[%emt 0:00:30]} 7. Be2 {[%emt 0:03:47]} Nh5 {[%emt 0:12:36]} 8. Be3 {[%emt 0:08:11]} e5 {[%emt 0:05:46]} 9. O-O {[%emt 0:08:30]} Nb6 {[%emt 0:09:10]} 10. d5 {[%emt 0:04:37]} f5 {[%emt 0:02:11]} 11. Ng5 {[%emt 0:27:17]} f4 {[%emt 0:05:38]} 12. Bxb6 {[%emt 0:01:59]} Qxg5 {[%emt 0:15:51]} 13. Bxc7 {[%emt 0:09:01]} Bh3 {[%emt 0:01:32]} 14. Bf3 {[%emt 0:01:21]} Bxg2 15. Bg4 {[%emt 0:19:43]} Bxf1 {[%emt 0:07:11]} 16. Kxf1 {[%emt 0:01:38]} f3 {[%emt 0:09:55]} 17. Bxf3 {[%emt 0:01:06]} Qf6 {[%emt 0:00:17]} 18. Kg2 {[%emt 0:02:18]} Nf4+ {[%emt 0:00:24]} 19. Kf1 {[%emt 0:01:05]} a6 {[%emt 0:00:15]} 20. Qd2 {[%emt 0:00:33]} Rac8 {[%emt 0:01:03]} 21. Bb6 {[%emt 0:00:22]} Rxc4 {[%emt 0:01:26]} 22. Be2 {[%emt 0:00:23]} Nxe2 {[%emt 0:01:24]} 23. Nxe2 {[%emt 0:00:34]} Rxe4 {[%emt 0:02:04] normal} 0-1

[Event "DVM U20 2019"]
[Site "Braunschweig"]
[Date "2019.12.29"]
[Round "6"]
[White "Meier, Julian"]
[Black "Kirschweng, Luca"]
[Result "1/2-1/2"]
[WhiteElo "1323"]
[BlackElo "1718"]
[Annotator "NA"]
[PlyCount "56"]
[EventDate "2019.12.27"]
[EventType "team-tourn"]
[EventRounds "7"]
[EventCountry "GER"]
[SourceTitle "playchess.com"]
[Source "ChessBase"]
[SourceQuality "1"]
[WhiteTeam "USV TU Dresden"]
[BlackTeam "SG Trier"]
[TimeControl "40/5400+30:1800+30"]

1. d4 {[%emt 0:00:00]} e6 {[%emt 0:00:00]} 2. c4 {[%emt 0:00:00]} d5 {[%emt 0:00:00]} 3. Nc3 {[%emt 0:00:00]} Nf6 {[%emt 0:00:00]} 4. Bg5 {[%emt 0:00:00]} Be7 {[%emt 0:00:00]} 5. cxd5 {[%emt 0:00:04]} exd5 {[%emt 0:00:27]} 6. e3 {[%emt 0:00:11]} O-O {[%emt 0:00:12]} 7. Bd3 {[%emt 0:00:15]} Be6 {[%emt 0:02:22]} 8. Nf3 h6 {[%emt 0:00:30]} 9. Bf4 {[%emt 0:02:42]} Nbd7 {[%emt 0:01:41]} 10. Qc2 {[%emt 0:00:58]} Rc8 {[%emt 0:03:02]} 11. O-O {[%emt 0:01:50]} c5 {[%emt 0:01:30]} 12. dxc5 {[%emt 0:00:47]} Nxc5 {[%emt 0:00:15]} 13. Qb1 {[%emt 0:15:58]} Nxd3 {[%emt 0:12:03]} 14. Qxd3 {[%emt 0:00:06]} Qb6 {[%emt 0:06:42]} 15. Rab1 {[%emt 0:04:39]} Rfd8 {[%emt 0:02:30]} 16. Be5 {[%emt 0:04:54]} Ne8 {[%emt 0:15:31]} 17. Bd4 {[%emt 0:06:02]} Qa5 {[%emt 0:04:24]} 18. Nd2 {[%emt 0:05:20]} a6 {[%emt 0:01:38]} 19. Nb3 {[%emt 0:05:00]} Qc7 {[%emt 0:00:15]} 20. Rbc1 {[%emt 0:02:49]} Qb8 {[%emt 0:02:19]} 21. Rfd1 {[%emt 0:12:54]} Bf6 {[%emt 0:02:08]} 22. Qe2 {[%emt 0:08:54]} Bxd4 {[%emt 0:03:34]} 23. Rxd4 {[%emt 0:01:13]} Nf6 {[%emt 0:00:49]} 24. Rcd1 {[%emt 0:02:52]} Qc7 25. h3 {[%emt 0:04:32]} Qc6 {[%emt 0:06:19]} 26. e4 {[%emt 0:03:11]} Rd7 {[%emt 0:10:35]} 27. exd5 {[%emt 0:02:28]} Nxd5 {[%emt 0:01:20] normal} 28. Nxd5 {[%emt 0:03:06] normal} Rxd5 {[%emt 0:01:10] normal} 1/2-1/2

[Event "DVM U20 2019"]
[Site "Braunschweig"]
[Date "2019.12.29"]
[Round "6"]
[White "Simrock, Manuel"]
[Black "Roesler, Hannah Clara"]
[Result "0-1"]
[WhiteElo "1211"]
[BlackElo "1695"]
[Annotator "NA"]
[PlyCount "81"]
[EventDate "2019.12.27"]
[EventType "team-tourn"]
[EventRounds "7"]
[EventCountry "GER"]
[SourceTitle "playchess.com"]
[Source "ChessBase"]
[SourceQuality "1"]
[WhiteTeam "Sges Bensheim"]
[BlackTeam "SK Bebenhausen"]
[TimeControl "40/5400+30:1800+30"]

1. e4 c5 {[%emt 0:00:00]} 2. Nf3 {[%emt 0:00:00]} g6 {[%emt 0:00:00]} 3. d4 {[%emt 0:00:00]} cxd4 {[%emt 0:00:00]} 4. Nxd4 {[%emt 0:00:00]} Nc6 {[%emt 0:00:06]} 5. Nc3 {[%emt 0:00:00]} Bg7 {[%emt 0:00:10]} 6. Be3 {[%emt 0:00:00]} Nf6 {[%emt 0:00:12]} 7. Be2 {[%emt 0:00:35]} O-O {[%emt 0:00:33]} 8. Qd2 {[%emt 0:01:06]} d5 {[%emt 0:04:46]} 9. exd5 {[%emt 0:01:38]} Nb4 {[%emt 0:01:27]} 10. Rd1 {[%emt 0:02:33]} Nbxd5 {[%emt 0:03:24]} 11. Nxd5 Nxd5 {[%emt 0:00:52]} 12. Bh6 {[%emt 0:00:49]} Qb6 {[%emt 0:08:58]} 13. Bxg7 {[%emt 0:01:59]} Kxg7 {[%emt 0:00:54]} 14. c4 {[%emt 0:14:46]} Nf6 {[%emt 0:02:00]} 15. O-O {[%emt 0:02:29]} Bd7 {[%emt 0:08:11]} 16. Qc3 {[%emt 0:02:53]} Rfe8 {[%emt 0:02:55]} 17. Nc2 {[%emt 0:02:54]} Bc6 {[%emt 0:04:04]} 18. b4 {[%emt 0:02:51]} e5 {[%emt 0:05:30]} 19. Kh1 {[%emt 0:02:57]} Ba4 {[%emt 0:07:29]} 20. f3 {[%emt 0:12:00]} Bxc2 {[%emt 0:03:19]} 21. Qxc2 {[%emt 0:00:11]} Qxb4 {[%emt 0:01:08]} 22. Rb1 {[%emt 0:00:10]} Qe7 {[%emt 0:00:13]} 23. Qb3 {[%emt 0:03:13]} b6 {[%emt 0:02:10]} 24. Rfd1 {[%emt 0:03:00]} Red8 {[%emt 0:01:28]} 25. Qe3 {[%emt 0:05:07]} Nh5 {[%emt 0:05:35]} 26. Rb5 {[%emt 0:03:04]} Rxd1+ {[%emt 0:02:46]} 27. Bxd1 {[%emt 0:00:19]} Re8 {[%emt 0:05:56]} 28. Bb3 {[%emt 0:05:13]} Nf6 {[%emt 0:02:04]} 29. c5 {[%emt 0:00:41]} Qd7 {[%emt 0:03:28]} 30. a4 {[%emt 0:02:41]} Qd4 {[%emt 0:02:13]} 31. Qxd4 {[%emt 0:02:46]} exd4 {[%emt 0:00:05]} 32. Kg1 {[%emt 0:00:05]} bxc5 {[%emt 0:02:33]} 33. Rxc5 {[%emt 0:00:11]} Re7 {[%emt 0:00:26]} 34. Kf2 {[%emt 0:00:51]} Rd7 {[%emt 0:06:37]} 35. Ke2 {[%emt 0:02:15]} Nh5 {[%emt 0:01:07]} 36. g3 {[%emt 0:01:54]} Kf6 {[%emt 0:00:28]} 37. Kd3 {[%emt 0:00:18]} Ng7 {[%emt 0:05:09]} 38. Ke4 {[%emt 0:13:00]} Ne6 {[%emt 0:02:11]} 39. Rd5 {[%emt 0:01:06]} Rb7 {[%emt 0:01:40]} 40. Bc4 {[%emt 0:00:33]} Rb4 {[%emt 0:01:41]} 41. Bb5 {[%emt 0:30:45] normal} 0-1

[Event "DVM U20 2019"]
[Site "Braunschweig"]
[Date "2019.12.30"]
[Round "7"]
[White "Engel, Luis"]
[Black "Stelmaszyk, Nico"]
[Result "1-0"]
[WhiteElo "2531"]
[BlackElo "2193"]
[Annotator "ChessBase"]
[PlyCount "62"]
[EventDate "2019.12.27"]
[EventType "team-tourn"]
[EventRounds "7"]
[EventCountry "GER"]
[SourceTitle "playchess.com"]
[Source "ChessBase"]
[SourceQuality "1"]
[WhiteTeam "Hamburger SK"]
[BlackTeam "SK Lehrte 1919"]
[TimeControl "40/5400+30:1800+30"]

1. e4 {[%emt 0:00:00]} e5 {[%emt 0:00:00]} 2. Nf3 {[%emt 0:00:00]} Nc6 {[%emt 0:00:00]} 3. Bb5 {[%emt 0:00:00]} a6 {[%emt 0:00:00]} 4. Ba4 {[%emt 0:00:00]} b5 {[%emt 0:00:00]} 5. Bb3 {[%emt 0:00:00]} g6 {[%emt 0:00:00]} 6. a4 {[%emt 0:00:11]} b4 {[%emt 0:00:01]} 7. d4 {[%emt 0:00:06]} exd4 {[%emt 0:00:03]} 8. Nxd4 {[%emt 0:00:07]} Na5 {[%emt 0:00:05]} 9. Bd5 {[%emt 0:00:08]} c6 {[%emt 0:00:06]} 10. Ba2 {[%emt 0:00:05]} Bg7 {[%emt 0:00:05]} 11. O-O {[%emt 0:00:17]} Ne7 {[%emt 0:01:03]} 12. c3 {[%emt 0:00:06]} Rb8 {[%emt 0:00:05]} 13. cxb4 {[%emt 0:00:31]} Rxb4 {[%emt 0:00:07]} 14. Nc2 {[%emt 0:00:07]} Rxe4 {[%emt 0:09:55]} 15. Nd2 {[%emt 0:00:07]} Re5 {[%emt 0:01:40]} 16. b4 {[%emt 0:07:30]} Nb7 {[%emt 0:03:13]} 17. Bb2 {[%emt 0:00:10]} O-O {[%emt 0:03:57]} 18. Bxe5 {[%emt 0:01:22]} Bxe5 {[%emt 0:00:05]} 19. Rb1 {[%emt 0:00:34]} d5 {[%emt 0:01:14]} 20. Qe2 {[%emt 0:06:55]} Bg7 {[%emt 0:02:57]} 21. Rfe1 {[%emt 0:04:44]} Nf5 {[%emt 0:07:07]} 22. Qxa6 {[%emt 0:04:28]} Nh4 {[%emt 0:07:03]} 23. Qxc6 {[%emt 0:04:20]} Nxg2 {[%emt 0:02:23]} 24. Kxg2 {[%emt 0:01:02]} Qg5+ {[%emt 0:00:10]} 25. Kh1 {[%emt 0:00:12]} Qxd2 {[%emt 0:00:16]} 26. Bxd5 {[%emt 0:03:00]} Bf5 {[%emt 0:08:33]} 27. Be4 {[%emt 0:08:47]} Nd6 {[%emt 0:10:03]} 28. Bxf5 {[%emt 0:00:41]} Nxf5 {[%emt 0:00:06]} 29. b5 {[%emt 0:02:22]} Nh6 {[%emt 0:05:00]} 30. Ne3 {[%emt 0:03:07]} Qxf2 {[%emt 0:00:52] normal} 31. Qg2 {[%emt 0:00:52]} Qf4 {[%emt 0:00:31]} 1-0

[Event "DVM U20 2019"]
[Site "Braunschweig"]
[Date "2019.12.30"]
[Round "7"]
[White "Kololli, Martin"]
[Black "Wendler, David"]
[Result "1/2-1/2"]
[WhiteElo "2343"]
[BlackElo "2204"]
[Annotator "RC"]
[PlyCount "30"]
[EventDate "2019.12.27"]
[EventType "team-tourn"]
[EventRounds "7"]
[EventCountry "GER"]
[SourceTitle "playchess.com"]
[Source "ChessBase"]
[SourceQuality "1"]
[WhiteTeam "Lübecker SV"]
[BlackTeam "SK Bebenhausen"]
[TimeControl "40/5400+30:1800+30"]

1. e4 {[%emt 0:00:00]} c5 {[%emt 0:00:00]} 2. c3 {[%emt 0:00:00]} Nf6 {[%emt 0:00:00]} 3. e5 {[%emt 0:00:00]} Nd5 {[%emt 0:00:22]} 4. d4 {[%emt 0:00:00]} cxd4 {[%emt 0:00:08]} 5. Nf3 {[%emt 0:00:00]} Nc6 {[%emt 0:00:13]} 6. cxd4 {[%emt 0:00:00]} d6 {[%emt 0:00:10]} 7. Bc4 {[%emt 0:00:00]} Nb6 {[%emt 0:00:59]} 8. Bb5 {[%emt 0:00:04]} dxe5 {[%emt 0:00:07]} 9. Nxe5 {[%emt 0:00:03]} Bd7 {[%emt 0:00:10]} 10. Nxd7 {[%emt 0:00:09]} Qxd7 {[%emt 0:00:05]} 11. Nc3 {[%emt 0:00:52]} e6 {[%emt 0:00:05]} 12. O-O {[%emt 0:00:08]} Rd8 {[%emt 0:00:35]} 13. Be3 {[%emt 0:03:30]} Be7 {[%emt 0:00:21]} 14. Qg4 {[%emt 0:02:36]} O-O {[%emt 0:08:45]} 15. Rad1 {[%emt 0:00:36]} Rfe8 {[%emt 0:05:39] normal} 1/2-1/2

[Event "DVM U20 2019"]
[Site "Braunschweig"]
[Date "2019.12.30"]
[Round "7"]
[White "Kueppers, Timo"]
[Black "Vuckovic, Zarko"]
[Result "1-0"]
[WhiteElo "2296"]
[BlackElo "2258"]
[Annotator "ChessBase"]
[PlyCount "31"]
[EventDate "2019.12.27"]
[EventType "team-tourn"]
[EventRounds "7"]
[EventCountry "GER"]
[SourceTitle "playchess.com"]
[Source "ChessBase"]
[SourceQuality "1"]
[WhiteTeam "SF Essen-Katernberg"]
[BlackTeam "SF Augsburg"]
[TimeControl "40/5400+30:1800+30"]

1. c4 {[%emt 0:00:00]} e5 {[%emt 0:00:00]} 2. Nc3 {[%emt 0:00:00]} Bb4 {[%emt 0:00:01]} 3. g3 {[%emt 0:01:48]} Bxc3 {[%emt 0:00:15]} 4. dxc3 {[%emt 0:00:39]} Nc6 {[%emt 0:00:06]} 5. Bg2 {[%emt 0:00:08]} d6 {[%emt 0:00:11]} 6. e4 {[%emt 0:01:03]} Be6 {[%emt 0:07:30]} 7. Qe2 {[%emt 0:01:38]} Na5 {[%emt 0:01:52]} 8. b3 {[%emt 0:04:32]} a6 {[%emt 0:00:04]} 9. Nf3 {[%emt 0:01:57]} b5 {[%emt 0:02:32]} 10. c5 dxc5 {[%emt 0:02:36]} 11. Nxe5 {[%emt 0:08:08]} Qf6 {[%emt 0:01:25]} 12. f4 {[%emt 0:01:09]} Nc6 13. Nxc6 {[%emt 0:46:09]} Qxc3+ {[%emt 0:07:21]} 14. Kf2 {[%emt 0:00:04]} Qxa1 {[%emt 0:00:05]} 15. Be3 {[%emt 0:03:40]} Qf6 {[%emt 0:00:59]} 16. Bxc5 {[%emt 0:00:59] normal} 1-0

[Event "DVM U20 2019"]
[Site "Braunschweig"]
[Date "2019.12.30"]
[Round "7"]
[White "Sieber, Fiona"]
[Black "Richter, Philipp"]
[Result "1/2-1/2"]
[WhiteElo "2277"]
[BlackElo "2084"]
[Annotator "NA"]
[PlyCount "59"]
[EventDate "2019.12.27"]
[EventType "team-tourn"]
[EventRounds "7"]
[EventCountry "GER"]
[SourceTitle "playchess.com"]
[Source "ChessBase"]
[SourceQuality "1"]
[WhiteTeam "SG Aufbau Elbe Magdeburg"]
[BlackTeam "USV TU Dresden"]
[TimeControl "40/5400+30:1800+30"]

1. e4 {[%emt 0:00:00]} e6 {[%emt 0:00:00]} 2. d4 {[%emt 0:00:00]} d5 {[%emt 0:00:00]} 3. Nd2 {[%emt 0:00:00]} Nf6 {[%emt 0:00:00]} 4. e5 {[%emt 0:00:00]} Nfd7 {[%emt 0:00:02]} 5. Bd3 {[%emt 0:00:00]} c5 {[%emt 0:00:07]} 6. c3 {[%emt 0:00:00]} Nc6 {[%emt 0:00:06]} 7. Ne2 {[%emt 0:00:01]} cxd4 {[%emt 0:00:07]} 8. cxd4 {[%emt 0:00:04]} f6 {[%emt 0:00:08]} 9. exf6 {[%emt 0:00:03]} Nxf6 {[%emt 0:00:09]} 10. Nf3 {[%emt 0:00:53]} Bd6 {[%emt 0:00:09]} 11. O-O {[%emt 0:00:08]} Qc7 {[%emt 0:00:05]} 12. Nc3 {[%emt 0:01:40]} a6 {[%emt 0:00:09]} 13. h3 {[%emt 0:02:58] C06: French Tarrasch: 3...Nf6 4 e5 Nfd7 5 Bd3 main lines} O-O {[%emt 0:00:10]} 14. Bd2 {[%emt 0:01:16]} Bd7 {[%emt 0:01:00]} 15. Re1 {[%emt 0:00:05]} Rae8 {[%emt 0:00:17] unterminated [#] unterminated} 16. a3 $146 {[%emt 0:02:34] unterminated} ({Predecessor:} 16. Rc1 Qb8 17. Na4 e5 18. dxe5 Nxe5 19. Nxe5 Bxe5 20. Be3 Bh2+ 21. Kh1 Bf4 22. Nc5 Bxe3 23. Rxe3 Rxe3 24. fxe3 {½-½ (39) Neiksans,A (2553)-Berg,E (2536) Sweden 2019}) 16... e5 {[%emt 0:07:30] unterminated} 17. Nxd5 {[%emt 0:42:50] unterminated} (17. dxe5 $11 Nxe5 18. Be3) 17... Nxd5 {[%emt 0:03:44]} 18. Bc4 {[%emt 0:00:03] unterminated} Be6 {[%emt 0:14:43] unterminated} ({Of course not} 18... Nxd4 $6 19. Bxd5+ Kh8 20. Rc1 $16) 19. Ng5 {[%emt 0:16:00] unterminated} Nxd4 {[%emt 0:22:26] unterminated} 20. Rc1 {[%emt 0:00:42] unterminated} Qe7 {[%emt 0:02:43] unterminated} 21. Nxe6 $11 {[%emt 0:01:03]} Qxe6 {[%emt 0:00:13]} 22. Be3 {[%emt 0:00:30]} Rc8 {[%emt 0:06:54]} 23. Bxd4 {[%emt 0:02:55]} Rxc4 {[%emt 0:00:07]} 24. Rxc4 {[%emt 0:01:17]} Nf4 {[%emt 0:00:13]} 25. Bc5 {[%emt 0:10:02]} Qxc4 {[%emt 0:00:49]} 26. Qxd6 {[%emt 0:00:23]} Re8 {[%emt 0:02:45]} 27. Qd7 {[%emt 0:02:39]} Qf7 {[%emt 0:01:19]} 28. Qxf7+ Kxf7 29. Rd1 {[%emt 0:01:28]} Kf6 {[%emt 0:03:11]} 30. Re1 {normal "DVM"] [Site "?"] [Date "2019. [Round "7. [White "Hoffmann, Jens"]} 1/2-1/2

[Event "DVM U20 2019"]
[Site "Braunschweig"]
[Date "2019.12.30"]
[Round "7"]
[White "Schneider, Jana"]
[Black "Kartsev, Nikolay"]
[Result "1-0"]
[WhiteElo "2210"]
[BlackElo "2092"]
[Annotator "ChessBase"]
[PlyCount "50"]
[EventDate "2019.12.27"]
[EventType "team-tourn"]
[EventRounds "7"]
[EventCountry "GER"]
[SourceTitle "playchess.com"]
[Source "ChessBase"]
[SourceQuality "1"]
[WhiteTeam "SC Bavaria Regensburg"]
[BlackTeam "SF Brackel"]
[TimeControl "40/5400+30:1800+30"]

1. e4 {[%emt 0:00:00]} c5 {[%emt 0:26:15]} 2. Nf3 {[%emt 0:00:00]} d6 {[%emt 0:00:07]} 3. d4 {[%emt 0:00:33]} cxd4 {[%emt 0:00:07]} 4. Nxd4 {[%emt 0:00:03]} Nf6 {[%emt 0:00:06]} 5. Nc3 {[%emt 0:00:06]} Nc6 {[%emt 0:00:08]} 6. Bg5 {[%emt 0:00:13]} e6 {[%emt 0:00:09]} 7. Qd2 {[%emt 0:00:53]} a6 {[%emt 0:00:07]} 8. f4 {[%emt 0:02:27]} h6 {[%emt 0:05:58]} 9. Bxf6 {[%emt 0:02:11]} Qxf6 {[%emt 0:02:06]} 10. Nf3 {[%emt 0:05:00]} Qd8 {[%emt 0:14:02]} 11. O-O-O {[%emt 0:07:23]} Be7 {[%emt 0:03:37]} 12. Kb1 {[%emt 0:06:06]} b5 {[%emt 0:08:47]} 13. Bd3 {[%emt 0:04:38]} Bd7 {[%emt 0:04:58]} 14. f5 {[%emt 0:02:57]} Ne5 {[%emt 0:03:15]} 15. fxe6 {[%emt 0:04:08]} Bxe6 {[%emt 0:01:21]} 16. Nd4 {[%emt 0:11:18]} Qb6 {[%emt 0:06:18]} 17. Nd5 {[%emt 0:02:37]} Bxd5 {[%emt 0:01:09]} 18. exd5 {[%emt 0:00:06]} O-O {[%emt 0:02:37]} 19. h4 {[%emt 0:08:24]} Bf6 {[%emt 0:02:37]} 20. Nf5 {[%emt 0:06:42]} h5 {[%emt 0:04:40]} 21. Qf4 {[%emt 0:05:17]} Ng4 {[%emt 0:02:58]} 22. Rhf1 g6 {[%emt 0:01:57]} 23. Nh6+ {[%emt 0:15:36]} Nxh6 {[%emt 0:00:02]} 24. Qxf6 {[%emt 0:00:16]} Ng4 {[%emt 0:00:16]} 25. Qg5 {[%emt 0:00:26] normal} Qe3 {[%emt 0:01:49] normal} 1-0

[Event "DVM U20 2019"]
[Site "Braunschweig"]
[Date "2019.12.30"]
[Round "7"]
[White "Fluechter, Gregor"]
[Black "Goldbeck, Lars"]
[Result "1-0"]
[WhiteElo "2174"]
[BlackElo "2312"]
[Annotator "NA"]
[PlyCount "69"]
[EventDate "2019.12.27"]
[EventType "team-tourn"]
[EventRounds "7"]
[EventCountry "GER"]
[SourceTitle "playchess.com"]
[Source "ChessBase"]
[SourceQuality "1"]
[WhiteTeam "SF Brackel"]
[BlackTeam "SC Bavaria Regensburg"]
[TimeControl "40/5400+30:1800+30"]

1. e4 {[%emt 0:00:00]} c6 {[%emt 0:00:00]} 2. d4 {[%emt 0:00:00]} d5 {[%emt 0:00:00]} 3. exd5 {[%emt 0:00:00]} cxd5 {[%emt 0:00:00]} 4. c4 {[%emt 0:00:08]} Nf6 {[%emt 0:00:00]} 5. Nc3 {[%emt 0:00:06]} Nc6 {[%emt 0:00:00]} 6. Bg5 {[%emt 0:00:02]} Ne4 {[%emt 0:00:01]} 7. Nxe4 {[%emt 0:00:43]} dxe4 {[%emt 0:00:02] unterminated} 8. d5 {[%emt 0:02:07]} Ne5 {[%emt 0:00:06] unterminated} 9. Qd4 {[%emt 0:26:24]} f6 {[%emt 0:01:25] unterminated} 10. Qxe4 {[%emt 0:26:03]} Qb6 {[%emt 0:00:07]} 11. Bd2 {[%emt 0:00:53] unterminated} e6 {[%emt 0:24:05]} 12. Be2 {[%emt 0:01:44] unterminated} Bc5 {[%emt 0:05:41] unterminated} 13. f4 {[%emt 0:12:25] unterminated} Bxg1 {[%emt 0:19:05]} 14. fxe5 {[%emt 0:00:03] unterminated} Bf2+ {[%emt 0:03:55]} 15. Kd1 {[%emt 0:00:02]} O-O {[%emt 0:02:25] unterminated} 16. Bd3 $11 {[%emt 0:00:55]} f5 {[%emt 0:00:01]} (16... g6 $1 $11) 17. Qe2 {[%emt 0:01:10]} Bd4 {[%emt 0:03:08]} 18. Rb1 {[%emt 0:04:31]} Qa6 {[%emt 0:04:43]} 19. a3 {[%emt 0:03:12]} Qa4+ {[%emt 0:09:34]} 20. Bc2 {[%emt 0:01:43]} Qd7 {[%emt 0:00:02]} 21. d6 {[%emt 0:00:55]} b5 {[%emt 0:02:26]} 22. cxb5 {[%emt 0:00:44]} Bb7 {[%emt 0:01:00]} 23. Re1 {[%emt 0:00:33]} Rac8 {[%emt 0:00:49]} 24. Bf4 {[%emt 0:02:50]} Rxc2 {[%emt 0:07:12]} 25. Kxc2 {[%emt 0:02:37]} Be4+ {[%emt 0:00:43]} 26. Kd2 {[%emt 0:00:45]} Qb7 {[%emt 0:02:50]} 27. Qc4 {[%emt 0:01:56]} Bf2 {[%emt 0:01:20]} 28. Rxe4 {[%emt 0:02:32]} fxe4 {[%emt 0:01:44]} 29. Be3 {[%emt 0:00:30]} Bxe3+ {[%emt 0:01:45]} 30. Kxe3 {[%emt 0:00:02]} Qb6+ {[%emt 0:00:01]} 31. Kd2 {[%emt 0:04:31]} Qf2+ {[%emt 0:02:03]} 32. Kc3 {[%emt 0:00:25]} Qe3+ {[%emt 0:01:30]} 33. Kb4 {[%emt 0:00:16]} Qd2+ {[%emt 0:00:29]} 34. Qc3 {[%emt 0:02:00]} Qd5 {[%emt 0:00:09]} 35. a4 {[%emt 0:01:03] normal} 1-0